000 00561nam a2200229Ia 4500
003 OSt
005 20221005120409.0
006 a|||||r|||| 00| 0
007 ta
008 221004b |||||||| |||| 00| 0 eng d
024 _a62853
037 _cTextual
040 _aCRL
_cCRL
_beng
041 _2eng
_aeng
082 _aV21:1:D, K0.1-.2
100 _aYazdani G Ed.
245 0 _aEarly history of the Deccan
260 _c1960
650 _aHISTORY
942 _hV21:1:D, K0.1-.2
_cTEXL
_2cc
999 _c1037838
_d1037838